Statystyki dla Kamil Stoch - wygrane konkursy w PŚ

Kliknij tutaj aby rozwiązać quiz!

Ogólne statystyki

  • Ten quiz został rozwiązany 168 razy
  • Średni wynik to 29 z 39

Statystyki odpowiedzi

NumerMiejscowośćRok% Poprawnych
1Zakopane2011
97%
14Zakopane2015
97%
35Zakopane2020
97%
20Zakopane2017
97%
4Zakopane2012
97%
3Planica2011
93%
31Planica2018
93%
30Planica2018
93%
19Wisła2017
87%
18Wisła2017
87%
25Innsbruck2018
83%
37Innsbruck2021
83%
22Vikersund2017
79%
27Lahti2018
75%
33Lahti2019
75%
12Lahti2014
75%
21Sapporo2017
74%
15Willingen2015
73%
11Willingen2014
73%
10Willingen2014
73%
34Engelberg2019
71%
9Engelberg2013
71%
16Lillehammer2016
71%
28Lillehammer2018
71%
36Lillehammer2020
71%
23Oberstdorf2017
71%
32Oberstdorf2019
71%
29Trondheim2018
69%
7Trondheim2013
69%
26Bischofshofen2018
66%
17Bischofshofen2017
66%
38Bischofshofen2021
66%
24Garmisch-Partenkirchen2018
66%
6Kuopio2013
56%
13Kuopio2014
56%
39Titisee-Neustadt2021
56%
8Titisee-Neustadt2013
56%
2Klingenthal2011
53%
5Val di Fiemme2012
41%

Rozkład punktacji

Percentyl według liczby udzielonych odpowiedzi

Procent ludzi z każdym wynikiem

Twoja historia wyników

Nie rozwiązałeś tego quizu